000 00529nam a2200193 a 4500
005 20140310183652.0
008 080205s19uu xx 00 eng d
020 _a978324361155
050 _aHF 1416
_b.C998 2007
100 _aCzinkota, Michael R.
245 _aInternational marketing /
_cMichael R. Czinkota.
260 _aAustralia :
_bSouth-Western,
_c2007.
300 _a646 p. :
_c26 cm.
521 _aBSBA
650 _aExport marketing.
700 _aRonkainen, Ikka A.
942 _cBK
_2lcc
_kFOR
999 _c26093
_d26093